Trayectorias de negridad: disputas sobre las definiciones contingentes de lo negro en América Latina /
Este artículo traza una genealogía del concepto de negridad en América Latina mediante el análisis de la literatura histórica y antropológica que revela cómo han viajado en el tiempo y el espacio las ideas sobre la negridad. Aun cuando el artículo sigue una narrativa cronológica, las categorías de t...
Guardado en:
| 主要作者: | |
|---|---|
| 格式: | Texto |
| 主題: | |
| 標簽: |
添加標簽
沒有標簽, 成為第一個標記此記錄!
|
MARC
| LEADER | 00000 a a2200000 04500 | ||
|---|---|---|---|
| 001 | 45932 | ||
| 003 | |||
| 040 | |||
| 100 | |a Cárdenas, Roosbelinda | ||
| 245 | |a Trayectorias de negridad: |b disputas sobre las definiciones contingentes de lo negro en América Latina / |c Roosbelinda Cárdenas | ||
| 520 | |a Este artículo traza una genealogía del concepto de negridad en América Latina mediante el análisis de la literatura histórica y antropológica que revela cómo han viajado en el tiempo y el espacio las ideas sobre la negridad. Aun cuando el artículo sigue una narrativa cronológica, las categorías de trabajo, raza, etnicidad, sexualidad y nación son transversales a la construcción de la categoría de diferencia, entendida como negridad. | ||
| 590 | |a RRH/FEBRERO2014 | ||
| 650 | |a CRONOLOGIA | ||
| 650 | |a RAZA | ||
| 650 | |a NACION | ||
| 650 | |a CULTURA | ||
| 650 | |a HISTORIA COLONIAL | ||
| 650 | |a ESCLAVITUD | ||
| 650 | |a AMERICA LATINA | ||
| 773 | |g número13 (2010), páginas 147-189 | ||
| 999 | |c 17817 |d 17817 | ||
